000 00505nam a2200181Ia 4500
001 3699
005 20260306145702.0
008 260306t2015||||xx |||||||||||||| ||spa||
041 _aESP
082 _a302
_bM84
100 _aMoncayo Quevedo, Jorge Eduardo
_eAUT
245 0 _aPsicología social crítica e intervención psicosocial:
_breflexiones y experiencias de investigación
260 _c2015
300 _a280 páginas :
_c24 cm.
650 _aGEN
654 _aCPS
942 _cLIB
_dJUS
_fJUS
_2ddc
_n
999 _c3699
_d3699